00846nam a22002658a 450000500170000000800410001701000140005802000260007202000230009803500130012103700150013404000180014908200120016710000190017924500530019825000130025126000500026430000250031450000200033965000230035965000110038294200260039399900170041995201440043620081024151836.0080626s2008 cau 000 0 eng  aENG-91773 a9780070262126c315.00 a0070262128c315.00 aEN-75306 bDBAD / PUb adplbEnglish  a620.105 aSrinath, L.S.  aAdvanced mechanics of solids /cby L.S. Srinath  a3rd ed/  aNew Delhi bTata McGraw-Hill Publishingc2009 axv, 504c22cm (pbk)  aIncludes index  aMechanics, Applied aSolids 2ddccENmSRIh620.105 c19015d19015 00102ddc40718NFICaDBADbDBADd2008-11-24eDBAD / PUbg315.00l0o620.105 SRIpEN-75306r2008-11-24 00:00:00t1v315.00w2008-11-24yEN